Analýza interkultúrnych rozdielov v rámci euroregiónu diplomová práca

Saved in:
Bibliographic Details
Main Author: Gúčiková, Danica
Corporate Author: Obchodná fakulta EU. Katedra medzinárodného obchodu
Other Authors: Zorkóciová, Otília, 1954-
Format: Book
Language:Slovak
Published: Bratislava 2010
Tags: Add Tag
No Tags, Be the first to tag this record!

MARC

LEADER 00000nam a2200000 4500
001 0120006
005 20240318121715.9
041 0 |a slo 
044 |a SK 
245 1 0 |a Analýza interkultúrnych rozdielov v rámci euroregiónu  |b diplomová práca  |c Danica Gúčiková ; škol. Otília Zorkóciová 
264 1 |a Bratislava  |c 2010 
300 |a 121 s. 
100 1 |a Gúčiková, Danica 
700 1 |a Zorkóciová, Otília, 1954- 
710 2 |a Obchodná fakulta EU. Katedra medzinárodného obchodu